<?xml version="1.0" encoding="UTF-8"?>
<collection xmlns="http://www.loc.gov/MARC21/slim">
  <record>
    <leader>00000nam  2200000   4500</leader>
    <controlfield tag="001">INLIS000000000020148</controlfield>
    <controlfield tag="005">20250523074749</controlfield>
    <datafield tag="035" ind1="#" ind2="#">
      <subfield code="a">0010-0525000231</subfield>
    </datafield>
    <controlfield tag="007">ta</controlfield>
    <controlfield tag="008">250523################|##########|#|##</controlfield>
    <datafield tag="084" ind1="#" ind2="#">
      <subfield code="a">R 0099 PKN II 2024</subfield>
    </datafield>
    <datafield tag="100" ind1=" " ind2="#">
      <subfield code="a">Singgih Harjanto</subfield>
    </datafield>
    <datafield tag="245" ind1="1" ind2="#">
      <subfield code="a">Strategi Percepatan Implementasi Manajemen Talenta Di BSN /</subfield>
      <subfield code="c">Singgih Harjanto</subfield>
    </datafield>
    <datafield tag="250" ind1="#" ind2="#">
      <subfield code="a">1</subfield>
    </datafield>
    <datafield tag="260" ind1="#" ind2="#">
      <subfield code="a">Jakarta :</subfield>
      <subfield code="b">Pusbangkom Pimnas,</subfield>
      <subfield code="c">2024</subfield>
    </datafield>
    <datafield tag="300" ind1="#" ind2="#">
      <subfield code="a">60 :</subfield>
      <subfield code="b">ilus ;</subfield>
      <subfield code="c">29 x 21 x 0,5</subfield>
    </datafield>
    <datafield tag="650" ind1="#" ind2="4">
      <subfield code="a">Manajemen Talenta</subfield>
    </datafield>
    <datafield tag="520" ind1="#" ind2="#">
      <subfield code="a">Manajemen Talenta merupakan sistem manajemen karier ASN yang meliputi tahapan&#13;
akuisisi, pengembangan, retensi, dan penempatan talenta yang diprioritaskan untuk&#13;
menduduki jabatan target berdasarkan tingkatan potensial dan kinerja tertinggi yang&#13;
dilaksanakan secara efektif dan berkelanjutan untuk memenuhi kebutuhan Instansi&#13;
Pemerintah secara nasional dalam rangka akselerasi pembangunan nasional.&#13;
Proyek Perubahan Strategi Percepatan Implementasi Manajemen Talenta di Badan&#13;
Standardisasi diimplementasikan untuk menjawab kebutuhan ini sehingga diharapkan dapat&#13;
mendukung peningkatan kompetensi sumber daya manusia sebagai bagian dari arah&#13;
kebijakan dan stategi BSN untuk meningkatkan daya saing produk Indonesia melalui&#13;
standardisasi dan penilaian kesesuaian.&#13;
Implementasi manajemen talenta di BSN mengacu pada Peraturan Menteri&#13;
Pendayagunaan Aparatur Negara dan Reformasi Birokrasi, yang kemudian diturunkan menjadi&#13;
Keputusan Kepala BSN. Metode pengukuran yang digunakan dalam memetakan telenta terdiri&#13;
dari aspek kinerja dan aspek potensi dengan bobot tertentu. Pada aspek kinerja, kinerja ASN&#13;
BSN selama dua tahun terakhir akan dimasukkan dalam pengukuran, bersama dengan&#13;
penilaian 360 derajat serta penghargaan yang dimiliki. Pada aspek potensi, setiap ASN BSN&#13;
akan diuji kompetensi manajerial sosial kultural, rekam jabatan, serta pertimbangan lainnya.</subfield>
    </datafield>
    <datafield tag="856" ind1="#" ind2="#">
      <subfield code="a">Perpustakaan Pusat LAN</subfield>
    </datafield>
    <datafield tag="990" ind1="#" ind2="#">
      <subfield code="a">2024/1.2,2/A/0099</subfield>
    </datafield>
  </record>
</collection>
